|
|
|
|
| LEADER |
00000nam0a2200000 4500 |
| 001 |
346360 |
| 005 |
20231102005858.0 |
| 010 |
|
|
|a 9785699534180
|
| 035 |
|
|
|a (RuTPU)RU\TPU\book\378240
|
| 090 |
|
|
|a 346360
|
| 100 |
|
|
|a 20210823d2011 m y0rusy50 ca
|
| 101 |
0 |
|
|a rus
|
| 102 |
|
|
|a RU
|
| 105 |
|
|
|a y z 000ay
|
| 200 |
1 |
|
|a Собрание военных повестей в одном томе
|f В. В. Быков
|
| 210 |
|
|
|a Москва
|c Эксмо
|d 2011
|
| 215 |
|
|
|a 958 с.
|
| 225 |
1 |
|
|a Полное собрание сочинений
|
| 330 |
|
|
|a Василь Быков (1924—2003) — выдающийся мастер военной прозы XX века. Главная тема произведений писателя — человек на войне — всегда высвечивала проблему нравственного выбора в жесточайших условиях войны, между жизнью ценой предательства и смертью с честью. Писателю свойственна бескомпромиссность позиции, послужившая поводом для нападок советской критики: писателя корили за хулу на советский строй. А он просто сумел реалистично определить грань, за которой начинается нравственное падение, и правдиво показать, что подлинный нравственный подвиг не выглядит как эффектное героическое действие. В книгу включены самые знаменитые нашумевшие военные повести автора, принесшие писателю мировую известность и признание миллионов читателей.
|
| 606 |
1 |
|
|a Русская литература современная
|2 stltpush
|3 (RuTPU)RU\TPU\subj\26373
|9 50316
|
| 610 |
1 |
|
|a художественная литература
|
| 610 |
1 |
|
|a военная проза
|
| 610 |
1 |
|
|a повести
|
| 610 |
1 |
|
|a собрание сочинений
|
| 610 |
1 |
|
|a белорусская литература
|
| 675 |
|
|
|a Р2
|v 4
|
| 700 |
|
1 |
|a Быков
|b В. В.
|c белорусский писатель
|f 1924-2003
|g Василь Владимирович
|2 stltpush
|3 (RuTPU)RU\TPU\pers\11899
|9 3008
|
| 801 |
|
1 |
|a RU
|b 63413507
|c 20210823
|
| 801 |
|
2 |
|a RU
|b 63413507
|c 20210927
|g RCR
|
| 942 |
|
|
|c BK
|